| 000 | 01088cam a22003377a 4500 | ||
|---|---|---|---|
| 003 | CHAP | ||
| 005 | 20220329142653.0 | ||
| 008 | 010926d mx r 00110 spa d | ||
| 010 | _a86288 | ||
| 011 | _a87260 | ||
| 020 | _a9688393339 | ||
| 035 | _a97803 | ||
| 040 | _cCHAP | ||
| 090 | _aFolleto 16471 | ||
| 100 | 0 | 0 |
_aOrtega Arenas, Laura Delia _983764 |
| 245 | 1 | 0 |
_aControl alternativo de mosca blanca _c/por Laura Delia Ortega Arenas |
| 260 |
_aMontecillo, Méx. : _bColegio de Postgraduados. Instituto de Fitosanidad, _c2001. |
||
| 300 | _a16 p. : ilus. ; gráfs. | ||
| 590 |
_aBATCH-UPD _b10 _c20130110 _lUCH01 _h0253 |
||
| 590 |
_aBATCH-UPD _b10 _c20130110 _lUCH01 _h1610 |
||
| 590 |
_aCONVERSION _b10 _c20130109 _lUCH01 _h1348 |
||
| 650 | 0 | 4 |
_aControl de plagas. _927595 |
| 650 | 1 | 4 |
_aBemisia argentifolii. _911495 |
| 650 | 1 | 4 |
_aBemisia tabaci. _911496 |
| 650 | 1 | 4 |
_aDialeurodes citri. _932406 |
| 650 | 1 | 4 |
_aTrialeurodes vaporariorum. _9114900 |
| 901 | _aBK | ||
| 905 | _aAlejandra Carrasco M. | ||
| 942 | _cFOLL | ||
| 949 |
_aFolleto 16471 _bBC _cFOLL _d978031 _eTS1 _i97803 _sb |
||
| 999 |
_c86288 _d86288 |
||